000 02167nam0a2200445 4500
001 RU\NLR\bibl\1806090
005 20260408203022.0
010 _a978-5-8331-0210-7
_9300
021 _aRU
_b2011-59278
_94184
035 _a(NLR Aleph) 001796733
035 _a(nilc)RSL-KNO-004982975
090 _a1784377
_c1784377
100 _a20110802d2010 k y0rusy50 ca
101 0 _arus
_achi
102 _aRU
105 _aa zzzz|||||
200 1 _aНационально-специфические компоненты кинесического общения китайской лингвокультурной общности в свете теории лакун на фоне англо-американских и русских жестов
_e[монография]
_fТ.С. Азнабаева
_gМ-во образования и науки Российской Федерации, Федеральное агентство по образованию, НОУ ВПО Благовещенский фил. Московской акад. предпринимательства при Правительстве Москвы
210 _aБлаговещенск
_cИзд-во БГПУ
_d2010
215 _a255 с.
_cил.
_d21
300 _aНа 4-й с. обл. авт.: Азнабаева Т.С., доц., к.филол.н.
320 _aБиблиогр.: с. 214-253 (251, 12 назв.)
606 1 _aКинесика
_91336232
_3RU\NLR\auth\66556426
606 1 _aЯзыки жестов
_yКитай
_92625961
_3RU\NLR\auth\661562521
606 1 _aЭтнолингвистика
_91627375
_3RU\NLR\auth\661016864
606 _aЛакунарность (лингв.)
_92576606
_3RU\NLR\auth\661523407
686 _aЮ953.2,0
_2rubbk
686 _aШ182
686 _aШ171.1-77
686 _aШ100.98
686 _aШ103.2
686 _aШ100.33
700 1 _aАзнабаева
_bТ. С.
_gТатьяна Сергеевна
_4070
801 0 _aRU
_bRuMoRKP
_c20110802
_grcr
801 1 _aRU
_bRuMoRGB
_c20110802
801 2 _aRU
_bNLR
_c20110907
_grcr
830 _aавт. по кн.
942 _cBOOK
980 _aNB
980 _aNBR